000 00470cam a2200205ua 4500
001 7859
005 20260515114249.0
008 141229n ii |||gr||||Z||||||ben
040 _cMAIN
041 _aben
082 _a294.4
100 _aSen, A.,
_eAuthor.
245 1 _aJaindharma
_cBy Amulyachandra Sen
250 _a1st.
260 _aKolkatta:
_bBiswabharati,
_c1954.
300 _a54p.
653 _aReligions ofIndic origin
653 _aJainism
942 _cBK
999 _c6974
_d6974